01253nam a22002417a 4500003000800000008004100008037002000049039003900069040003500108041000800143080001100151100003000162245023700192260008200429300002300511502018500534650007300719655002300792700002900815942001300844999001700857952013700874BI-BuBU260422b2025 bd fr|||| 000 0 fre d bDon de l'auteur a20260422100548.0bThacien Mutabazi aBI-BuBUbfrecBI-BuBUdBI-BuBU0 afre a613.961 4aut.aNitunga, Jean Bosco10aFacteurs associés à la consommation des substances psychoactives chez les adolescents fréquentant les écoles post-fondamentales au Burundi en 2024bcas de la commune MuyingacJean Bosco Nitunga ; Florence Munezero, directeur aBujumburabUniversité du Burundi, Institut de Statistique Appliquéec2025 aXIII-65 f.c30 cm. aMémoire présenté et soutenu publiquement en vue de l'obtention d'un diplôme de master en probabilité, statistique et modélisation. Option : Probabilité et Statistique 72BI-BuBUaAdolescentxSubstance psychoactivey2024zMuyinga (commune) 72BI-BuBUaMémoire1 4aut.aMunezero, Florence 2udccMEM c53784d53784 00102udc4071985630aBCbBCd2026-04-22eDon de l'auteurl0oR.613.96.NIT.p5010000483708r2026-04-22t1w2026-04-22yMEMi242180